<?xml version="1.0" encoding="UTF-8"?><?xml-stylesheet type="text/xsl" href="static/style.xsl"?><OAI-PMH xmlns="http://www.openarchives.org/OAI/2.0/" xmlns:xsi="http://www.w3.org/2001/XMLSchema-instance" xsi:schemaLocation="http://www.openarchives.org/OAI/2.0/ http://www.openarchives.org/OAI/2.0/OAI-PMH.xsd"><responseDate>2026-06-06T02:06:07Z</responseDate><request verb="GetRecord" identifier="oai:riuma.uma.es:10630/37206" metadataPrefix="marc">https://riuma.uma.es/rest/oai/request</request><GetRecord><record><header><identifier>oai:riuma.uma.es:10630/37206</identifier><datestamp>2026-02-03T10:50:32Z</datestamp><setSpec>com_10630_2254</setSpec><setSpec>col_10630_37953</setSpec></header><metadata><record xmlns="http://www.loc.gov/MARC21/slim" xmlns:dcterms="http://purl.org/dc/terms/" xmlns:doc="http://www.lyncode.com/xoai" xmlns:xsi="http://www.w3.org/2001/XMLSchema-instance" xsi:schemaLocation="http://www.loc.gov/MARC21/slim http://www.loc.gov/standards/marcxml/schema/MARC21slim.xsd">
   <leader>00925njm 22002777a 4500</leader>
   <datafield ind2=" " ind1=" " tag="042">
      <subfield code="a">dc</subfield>
   </datafield>
   <datafield ind2=" " ind1=" " tag="720">
      <subfield code="a">Fernández-Ordóñez, Eloisa</subfield>
      <subfield code="e">author</subfield>
   </datafield>
   <datafield ind2=" " ind1=" " tag="720">
      <subfield code="a">Rengel-Díaz, Cristóbal</subfield>
      <subfield code="e">author</subfield>
   </datafield>
   <datafield ind2=" " ind1=" " tag="720">
      <subfield code="a">Morales-Gil, Isabel María</subfield>
      <subfield code="e">author</subfield>
   </datafield>
   <datafield ind2=" " ind1=" " tag="720">
      <subfield code="a">Labajos-Manzanares, María Teresa</subfield>
      <subfield code="e">author</subfield>
   </datafield>
   <datafield ind2=" " ind1=" " tag="260">
      <subfield code="c">2020-05</subfield>
   </datafield>
   <datafield ind2=" " ind1=" " tag="520">
      <subfield code="a">Introduction. The loss of a pregnancy puts women at risk of suffering post-traumatic stress disorder. This&#xd;
circumstance can influence a subsequent pregnancy, and the link with the future baby. Objective. The&#xd;
main objective of this work was to identify the prevalence of post-traumatic stress disorder (PTSD) among&#xd;
post-partum women who give birth after having suffered a previous gestational loss and to identify possible&#xd;
relationships between PTSD and the variables studied. Method. An observational, descriptive, and&#xd;
cross-sectional study. A total of 115 puerperal women who had suffered a previous gestational loss completed&#xd;
questionnaires containing sociodemographic variables, obstetric history, and responses to the Davidson&#xd;
Trauma Scale. Results. A score of 40 was established as a cut-off point in the Davidson Trauma Scale for&#xd;
the identification of PTSD. 21.7% of the participants scored 40 or above. Significant differences were found&#xd;
related to age (p = .030), number of pregnancies (p = .033), and number of gestational losses (p = .001). The&#xd;
probability of PTSD increases significantly in relation to the number of losses. Respondents are 2.55 times&#xd;
(β = .94 p = .027) more likely to suffer PTSD the higher the number of gestational losses suffered. Discussion&#xd;
and conclusion. There are significant differences in the presence of PTSD among puerperal women in&#xd;
terms of age, number of pregnancies, and number of gestational losses. Post-partum women are more likely&#xd;
to suffer PTSD after a gestational loss the higher the number of gestational losses suffered.</subfield>
   </datafield>
   <datafield ind1="8" ind2=" " tag="024">
      <subfield code="a">Fernández Ordóñez, E., Rengel Díaz, C., Morales Gil, I. M., &amp; Labajos Manzanares, M. T. (2020). Post-traumatic stress disorder after subsequent birth to a gestational loss: An observational study. Salud Mental, 43(3), 0-00.</subfield>
   </datafield>
   <datafield ind1="8" ind2=" " tag="024">
      <subfield code="a">https://hdl.handle.net/10630/37206</subfield>
   </datafield>
   <datafield ind1="8" ind2=" " tag="024">
      <subfield code="a">10.17711/SM.0185-3325.2020.018</subfield>
   </datafield>
   <datafield tag="653" ind2=" " ind1=" ">
      <subfield code="a">Salud mental</subfield>
   </datafield>
   <datafield ind2="0" ind1="0" tag="245">
      <subfield code="a">Post-traumatic stress disorder after subsequent birth to a gestational loss: An observational study</subfield>
   </datafield>
</record>
</metadata></record></GetRecord></OAI-PMH>